000 00316nam a2200121Ia 4500
008 180205s9999 xx 000 0 und d
020 _a1582558396
100 _aYuan, Sarah Y.
245 _aHandbook of diseases /
250 _a3rd ed
260 _aUSA
_bLippincott williams & wilkins
_c2004
300 _av, 979 pages
999 _c354843
_d354843